| 000 | 00679 a2200181 4500 | ||
|---|---|---|---|
| 003 | Nust | ||
| 005 | 20221122093947.0 | ||
| 020 | _a0900162821 | ||
| 040 | _cNust | ||
| 082 | _a621.381,WIL | ||
| 100 |
_aF. A. Wilson _9103318 |
||
| 245 |
_aElements of Electronics Book-1 : _bthe simple electronic circuit and components / _cF.A.Wilson |
||
| 260 |
_aEngland _bBernard Babani _c1979 |
||
| 300 | _avi: 208 pages | ||
| 505 | _aIntroduction (Page-1), The Nature of Electricity (Page-5), The Sources of Electricity (Page-23), The Simple Electric Circuit (Page-31), Electrostatics (Page-89), Electromagnetism (Page-111). | ||
| 650 | _aTelecommunication Engineering | ||
| 942 |
_2ddc _cBK |
||
| 999 |
_c194183 _d194183 |
||